000 01057nmm a2200325 a 4500
001 ocm0001916934
003 TR-IsHL
005 20201028174206.0
008 180917s2017 tu tur
007 cr cn
020 _a9786054182572
035 _a1916934
_b(N$T)
050 0 4 _aBS658
_b.Y37 2017
090 0 4 _aBS658
_b.Y37 2017
100 1 _aYardımcıoğlu, Hamza
245 1 0 _aNuh'un küresi
_h[electronic resource] /
_cHamza Yardımcıoğlu
250 _a2. Baskı
260 _aİstanbul :
_bŞira Yayınları,
_c2017
300 _a234 p.
650 4 _aFelsefe, Psikoloji ve Din
650 4 _aPhilosophy, Psychology and Religion
650 0 _aNuh'un gemisi
650 0 _aNoah's ark
650 0 _aNuh Prophet
_x In the Koran
650 0 _aCudi, Mount (Turkey)
650 0 _aNuh tufanı
_x Doktrinler tarihi
650 0 _aDeluge
_x History of doctrines
650 7 _aBODY, MIND & SPIRIT / Unexplained Phenomena-bisacsh
856 4 0 _uhttp://search.ebscohost.com/login.aspx?direct=true&scope=site&db=e011xww&AN=1916934
999 _c18028
_d18028